| 000 | 00512nam a2200145 4500 | ||
|---|---|---|---|
| 999 |
_c10364 _d10364 |
||
| 008 | 180823b ||||| |||| 00| 0 eng d | ||
| 022 | _a16565649 | ||
| 082 | _aDPer 303.405 H22 June -Sept 2016 v.12 n. 7-10 | ||
| 100 |
_930491 _aLucas, Ashley. |
||
| 245 |
_aKitvision escape HD5W action camera: _bescaping reality/ _cAshley Lucas. |
||
| 260 |
_aQuezon City: _bHardware Zone Phils. Corp., _c©June -Sept 2016. |
||
| 300 |
_av12 n7, page 48: _billustrations; _c28 cm. |
||
| 650 | 0 |
_930492 _aCameras. |
|
| 942 |
_2ddc _cPER |
||